000 00792nam a22002057a 4500
999 _c2603
_d2603
003 AR-CdUCM
008 190305b ||||| |||| 00| 0 spa d
040 _aMUNICIPALIDAD PROVINCIAL DEL CUSCO
_cBIBLIOTECA MUNICIPAL DEL CUSCO
082 _a985.613 /
_bC96
100 _aCutimbo Hinojosa, Mario Daniel
_99179
245 _aQuispicanchinos Ilustres /
260 _aCusco :
_bAndina S.R.L ,
_c2003.
300 _a162 páginas ;
_c21 cm.
505 _aContenido: Antologia del Cusco -- Tradiciones Cusqueñas -- La Mariscala Gamarra -- La Biblia Ltinoamericana -- De las Sacerdotisas, Brujas y Adivinas de Macchu Picchu..
650 _aQuispicanchis
_99180
650 _aHistoria de la Republica del Perú
_99181
650 _aTradiciones Peruanas
_9305
942 _2ddc
_cLIBROS
945 _artm